|
|
|
|
| LEADER |
00630nab a2200169 i 4500 |
| 001 |
misc40150 |
| 005 |
20191106140900.0 |
| 008 |
180709s2001 hu o 0|| zxx d |
| 022 |
|
|
|a 1215-5233
|
| 040 |
|
|
|a SZTE Miscellanea Repozitórium
|b hun
|
| 041 |
|
|
|a zxx
|
| 100 |
1 |
|
|a Sinka Edit
|
| 245 |
1 |
0 |
|a Interdiszciplináris pedagógia (Interdiszciplináris pedagógia. A Kiss Árpád Emlékkonferencia előadásai)
|h [elektronikus dokumentum] /
|c Sinka Edit
|
| 260 |
|
|
|c 2001
|
| 300 |
|
|
|a 113-115
|
| 490 |
0 |
|
|a Iskolakultúra
|v 11 No. 10
|
| 856 |
4 |
0 |
|u http://misc.bibl.u-szeged.hu/40150/1/EPA00011_iskolakultura_2001_10_113-115.pdf
|z Dokumentum-elérés
|